Cosmology

Αποθηκεύτηκε σε:
Λεπτομέρειες βιβλιογραφικής εγγραφής
Κύριος συγγραφέας: Weinberg, Steven 1933-
Μορφή: Βιβλίο
Γλώσσα:English
Δημοσίευση: Oxford; New Yrok : Oxford University Press, 2008
Θέματα:
Ετικέτες: Προσθήκη ετικέτας
Δεν υπάρχουν, Καταχωρήστε ετικέτα πρώτοι!

MARC

LEADER 00000nam a2200000 i 4500
001 1/52783
008 140806s2008 eng d
020 |a 978-0-19-852682-7 
035 |l 10118564 
040 |a GR-MY-UA  |b gre  |e aacr 
041 0 |a eng 
082 0 |a 523.1  |2 (23) 
100 1 |a Weinberg, Steven  |d 1933- 
245 1 0 |a Cosmology /  |c Steven Weinberg 
260 |a Oxford; New Yrok :   |b Oxford University Press,   |c 2008 
300 |a xvii, 593 σ.;  |c 26 εκ. 
504 |a Περιλαμβάνει βιβλιογραφικές αναφορές και ευρετήριο 
650 0 0 |a Cosmology. 
852 |a INST  |b LESVOS  |e 20140806  |h 523.1 WEI  |p 005100054409  |q 005100054409  |t BK  |y 0 
901 |a BIBL1-2014-2 
909 |a Λ  |b 189414 
922 |a 1ΕΛΗ  |b 201406  |c ΤΕΘ  |d ΔΙΑΔΡΟΜΕΣ 
970 |a ΤΖΑΦΕΡΗ  |b ΕΥΑΓΓΕΛΙΑ  |z 2014/08/05